Devine le pays avec l'aliments #FR - Statistiques

Statistiques générales
  • Ce quiz a été pris 274 fois
  • Le résultat moyen est 20 sur 40
Statistiques - réponses
Par images Réponse % Correct
France/Suisse
90%
France
87%
Italie
87%
Alsace (France)
86%
France/Suisse
86%
Japon
86%
Chine
82%
Italie
82%
Mexique
81%
Algérie/Maroc/Tunisie
80%
Belgique
79%
Mexique
79%
Japon
76%
USA
76%
Russie
75%
Espagne
74%
Bretagne (France)
67%
Alsace (France)
63%
Alsace (France)
63%
Turquie
58%
Canada
52%
Allemagne
47%
Royaume-uni
46%
Usa/Mexique
46%
Espagne
45%
France
37%
Thaïlande
36%
Inde
29%
Grece
28%
Argentine
23%
Allemagne
21%
Pologne
9%
Suède
6%
Suède
5%
Vietnam
5%
Roumanie/Moldavie
3%
Russie
3%
Russie
3%
Autriche
2%
Indonésie
2%
Aucun quiz correspondant
Distribution des résultats
% des personnes avec chaque résultat
Percentile par nombre de réponses
Votre historique - résultats
Vous n’avez pas pris ce quiz